000
00287nam a2200097Ia 4500
008
120527s9999 xx 000 0 und d
100
_a
JABBAR, M.A
245
_a
Policy and scale factors influencing efficiency in dairy and poultry produc
260
_b
International Livestock
942
_c
BK
999
_c
25328
_d
25328